000 00374 a2200121 4500
001 ART_3184
005 20260410161712.0
008 260409a
245 1 0 _aEvolución de estructuras agrarias en la Argentina
100 1 _aReca, Lucio G.
700 1 _aGligo Viel, Nicolo
773 0 _tDesarrollo económico
_g- Vol. 15, Nº 58 (jul./sep. 1975)
_wREV1174
999 _c16219
_d16219